000 00573nam a2200217 a 4500
001 BRCA_6924
005 20190320205637.0
008 161111s1947----u--#######---#000-0#eng-#
041 _aeg
044 _au
050 4 _aPZ3
_b.K566De
_c1947
100 1 _aKinney, Thomas
_917258
245 1 0 _aDevil take the foremost
_cby Thomas Kinney
260 _aGarden City, Nueva York
_bDoubleday & Company
_cc1947
300 _a250 p.
_c21 cm.
440 0 _aA crime club selection
_9876
500 _aO143
650 1 4 _aNovelas policĂ­acas
_9877
902 _aGFM
942 _2lcc
_cB
999 _c6606
_d6606